Quem é esse personagem? #1 - Statistics

Estatísticas Gerais
  • Esse quiz foi jogado 13 vezes
  • A pontuação média é 3 de 10
Estatísticas das Respostas
Imagem Resposta % Correto
Kankuro
83%
Juugo
67%
Guren
33%
Mei Terumi
33%
Fugaku Uchiha
25%
Ibiki Morino
17%
Mizuki
17%
Sukea
17%
Nii Yugito
8%
Yota Otenki
8%
Nenhum quiz correspondente encontrado
Distribuição das Pontuações
Porcentagem de Pessoas com Cada Pontuação
Percentil de Números Respondidos
Sua Pontuação Histórica
Você não jogou esse quiz